|
|
|
|
| LEADER |
00000nam a2200000 i 4500 |
| 001 |
DIGEDUSTA061 |
| 003 |
NyNyDIG |
| 006 |
m o d |
| 007 |
cr ||||||||||| |
| 008 |
200821s2016 ck a ob 000 0 spa d |
| 035 |
|
|
|a (OCoLC)1193998172
|
| 040 |
|
|
|a DGITA
|b eng
|e rda
|e pn
|c DGITA
|
| 043 |
|
|
|a s-ck---
|
| 020 |
|
|
|z 9789586319287
|q versión impresa
|
| 020 |
|
|
|z 9586319288
|q versión impresa
|
| 050 |
1 |
4 |
|a RA790.7.C7 ebook
|
| 082 |
0 |
4 |
|a 362.19689009861
|
| 100 |
1 |
|
|a Benavides Silva, Fabián Leonardo,
|e author.
|
| 245 |
1 |
0 |
|a Entre la razón y la sinrazón :
|b ¿enfermedades mentales o males del alma? /
|c Fabián Leonardo Benavides Silva.
|
| 250 |
|
|
|a Primera edición.
|
| 264 |
|
1 |
|a Bogotá, D.C., Colombia :
|b Ediciones USTA,
|c [2016]
|
| 300 |
|
|
|a 1 online resource. :
|b illustrations.
|
| 336 |
|
|
|a text
|b txt
|2 rdacontent
|
| 337 |
|
|
|a computer
|b c
|2 rdamedia
|
| 338 |
|
|
|a online resource
|b cr
|2 rdacarrier
|
| 347 |
|
|
|a text file
|2 rdaft
|
| 347 |
|
|
|b PDF
|
| 504 |
|
|
|a Includes bibliographical references.
|
| 588 |
0 |
|
|a Online resource; title from PDF title page (Digitalia, viewed August 21, 2020)
|
| 650 |
|
0 |
|a Medical anthropology
|z Colombia
|
| 650 |
|
0 |
|a Mental illness
|z Colombia.
|
| 650 |
|
0 |
|a Mental illness
|x Alternative treatment
|z Colombia.
|
| 655 |
|
0 |
|a Electronic books.
|
| 791 |
2 |
|
|a Digitalia (Firm),
|e distributor.
|
| 793 |
0 |
|
|g Digitalia eBook Collection:
|a Ediciones USTA
|
| 776 |
0 |
8 |
|i Print version:
|a Benavides Silva, Fabián Leonardo.
|t Entre la razón y la sinrazón.
|b Primera edición.
|d Bogotá, D.C., Colombia : Ediciones USTA, 2016
|z 9789586319287
|w (OCoLC)1164387173
|
| 856 |
4 |
0 |
|3 Digitalia Hispánica
|u https://www.digitaliapublishing.com/a/59173/
|
| 910 |
|
|
|a Premium collection: 2020
|